[Event "BL 1112 (Women)"]
[Site "Germany"]
[Date "2012.01.22"]
[Round "7.4"]
[White "Winkelmann, Elena"]
[Black "Wagner Michel, Annett"]
[Result "1-0"]
[WhiteElo "2104"]
[BlackElo "2169"]
[PlyCount "155"]
[EventDate "2011.10.29"]
[EventType "team-tourn"]
[EventRounds "11"]
[EventCountry "GER"]
[SourceTitle "EXT 2013"]
[Source "ChessBase"]
[SourceDate "2012.11.22"]
[SourceVersion "1"]
[SourceVersionDate "2012.11.22"]
[SourceQuality "1"]
[WhiteTeam "Rodewisch (W)"]
[BlackTeam "Pankow Rotation (W)"]
[WhiteTeamCountry "GER"]
[BlackTeamCountry "GER"]

1. d4 d5 2. c4 e6 3. Nc3 Nf6 4. Bg5 Be7 5. cxd5 exd5 6. e3 0-0 7. Bd3 b6 8. Bxf6 Bxf6 9. Qh5 g6 10. Qxd5 c6 11. Qxd8 Rxd8 12. Nge2 Bb7 13. Be4 Nd7 14. 0-0 Rac8 15. Rfd1 Ba6 16. Nf4 Kg7 17. Rac1 c5 18. Nfd5 cxd4 19. exd4 Bc4 20. Nxf6 Nxf6 21. f3 Ne8 22. b3 Ba6 23. Kf2 f5 24. Bd3 Bb7 25. Bc4 a6 26. a4 Rc7 27. Re1 Nf6 28. Re6 Rxd4 29. Rxb6 Nd7 30. Re6 Nc5 31. Re3 f4 32. Ree1 Rxc4 33. bxc4 Nd3+ 34. Ke2 Nxe1 35. Rxe1 Rxc4 36. Kd3 Rc7 37. Ne4 a5 38. Kd4 Rc2 39. Nc5 Bc8 40. Re7+ Kh6 41. g4 fxg3 42. hxg3 Rf2 43. Rc7 Bf5 44. g4 Bb1 45. Rb7 Rf1 46. Ke3 Re1+ 47. Kf4 g5+ 48. Kg3 Bg6 49. Ra7 Rg1+ 50. Kf2 Rc1 51. Rxa5 Rc4 52. Ne6 Be8 53. Nxg5 Rxa4 54. Rxa4 Bxa4 55. Nh3 Bd7 56. Kg3 Kg6 57. Kh4 h6 58. f4 Bc8 59. Nf2 Kf6 60. Ne4+ Kg6 61. Nd6 Bd7 62. Nc4 Bb5 63. Ne5+ Kf6 64. Kh5 Be2 65. Nc6 Bd1 66. Nd4 Kf7 67. Nf5 Bc2 68. Nxh6+ Kg7 69. Kg5 Bb3 70. f5 Bd1 71. f6+ Kf8 72. Kg6 Be2 73. f7 Bd3+ 74. Kf6 Bc4 75. g5 Bd5 76. g6 Bxf7 77. g7+ Ke8 78. Nxf7 1-0

[Event "BL 0910 (Women)"]
[Site "Germany"]
[Date "2010.03.28"]
[Round "11.3"]
[White "Winkelmann, Elena"]
[Black "Muzychuk, Mariya"]
[Result "1-0"]
[WhiteElo "2119"]
[BlackElo "2447"]
[PlyCount "135"]
[EventDate "2009.11.07"]
[EventType "team-tourn"]
[EventRounds "11"]
[EventCountry "GER"]
[SourceTitle "CBM 133 Extra"]
[Source "ChessBase"]
[SourceDate "2010.01.05"]
[SourceVersion "1"]
[SourceVersionDate "2010.01.05"]
[SourceQuality "1"]
[WhiteTeam "Rodewisch (W)"]
[BlackTeam "Baden-Baden (W)"]
[WhiteTeamCountry "GER"]
[BlackTeamCountry "GER"]

1. d4 e6 2. c4 f5 3. Nc3 Nf6 4. Bg5 Be7 5. Bxf6 Bxf6 6. e4 fxe4 7. Nxe4 0-0 8. Nf3 Nc6 9. Be2 d6 10. 0-0 Bd7 11. Qd2 Be8 12. b4 Bg6 13. Nxf6+ Qxf6 14. b5 Ne7 15. Qg5 Rae8 16. Qxf6 Rxf6 17. Rad1 Bh5 18. h3 Ng6 19. Rd2 Nf4 20. Bd1 Nxh3+ 21. Kh2 Nf4 22. g3 Ng6 23. Kg2 Ne7 24. Ng5 Bxd1 25. Rfxd1 Nf5 26. Re1 h6 27. Ne4 Rf7 28. a4 g5 29. a5 Kg7 30. c5 d5 31. Nc3 Rfe7 32. Rd3 c6 33. a6 bxa6 34. bxc6 Rc8 35. g4 Nh4+ 36. Kg3 Kf7 37. Rde3 Ng6 38. Rh1 Kg7 39. Rhe1 Kf7 40. Rh1 Rxc6 41. Rxh6 Kg7 42. Rh5 Kf6 43. Rf3+ Nf4 44. Ne2 a5 45. Nxf4 gxf4+ 46. Kxf4 Rg7 47. g5+ Ke7 48. Kg4 e5 49. Re3 e4 50. f3 a4 51. fxe4 dxe4 52. Rxe4+ Kd7 53. Rh3 Ra6 54. Ra3 Ra5 55. Kf5 Rf7+ 56. Ke5 Rf1 57. Rg4 Re1+ 58. Kd5 Re7 59. Kc4 a6 60. g6 Rg7 61. d5 Ke7 62. Rg2 Kd7 63. Rg1 Ke7 64. d6+ Ke6 65. Re3+ Kf6 66. Kd5 Rg8 67. g7 Kf7 68. Rf1+ 1-0

[Event "London Classic (Women)"]
[Site "London"]
[Date "2009.12.15"]
[Round "9"]
[White "Winkelmann, Elena"]
[Black "Caoili, Arianne"]
[Result "0-1"]
[WhiteElo "2119"]
[BlackElo "2206"]
[PlyCount "86"]
[EventDate "2009.12.08"]
[EventType "tourn"]
[EventRounds "9"]
[EventCountry "ENG"]
[SourceTitle "CBM 133 Extra"]
[Source "ChessBase"]
[SourceDate "2010.01.05"]
[SourceVersion "1"]
[SourceVersionDate "2010.01.05"]
[SourceQuality "1"]

1. d4 f5 2. e4 fxe4 3. Nc3 Nf6 4. Bg5 Nc6 5. d5 Ne5 6. Qe2 Nf7 7. h4 c6 8. 0-0-0 Nxd5 9. Nxe4 Qa5 10. c4 Nc7 11. Rh3 d5 12. Ra3 Qb4 13. Rb3 Qxc4+ 14. Qxc4 dxc4 15. Bxc4 b6 16. Bxf7+ Kxf7 17. Nf3 Be6 18. Ne5+ Ke8 19. Rc3 c5 20. Rcd3 Bf5 21. f3 Nb5 22. Nc6 Nd4 23. Nxd4 cxd4 24. Rxd4 Rc8+ 25. Nc3 h6 26. Bf4 g5 27. Be5 Rg8 28. g4 Be6 29. hxg5 Rxg5 30. Bf4 Ra5 31. Kb1 Bg7 32. Re4 Bg8 33. Rde1 Bh7 34. Ka1 Bxe4 35. Nxe4 Kf8 36. Kb1 Rb5 37. b3 Rd5 38. g5 hxg5 39. Nxg5 Bf6 40. Nh7+ Kf7 41. Nxf6 exf6 42. Bc1 Re5 43. Rh1 Re2 0-1

[Event "London Classic (Women)"]
[Site "London"]
[Date "2009.12.14"]
[Round "8"]
[White "Smith, Olivia"]
[Black "Winkelmann, Elena"]
[Result "1-0"]
[WhiteElo "2026"]
[BlackElo "2119"]
[PlyCount "79"]
[EventDate "2009.12.08"]
[EventType "tourn"]
[EventRounds "9"]
[EventCountry "ENG"]
[SourceTitle "CBM 133 Extra"]
[Source "ChessBase"]
[SourceDate "2010.01.05"]
[SourceVersion "1"]
[SourceVersionDate "2010.01.05"]
[SourceQuality "1"]

1. d4 Nf6 2. c4 e6 3. Nf3 b6 4. Nc3 Bb7 5. Bg5 Bb4 6. a3 Bxc3+ 7. bxc3 0-0 8. e3 d6 9. Bd3 Nbd7 10. 0-0 h6 11. Bh4 Qe8 12. Nd2 e5 13. Bc2 d5 14. Qf3 Rb8 15. Qf5 g6 16. Qh3 Kg7 17. f4 e4 18. cxd5 Bxd5 19. c4 Be6 20. f5 Bxf5 21. Rxf5 gxf5 22. Rf1 Rg8 23. Rxf5 Qe6 24. d5 Qd6 25. Nxe4 Nxe4 26. Bxe4 Rbe8 27. Qg4+ Kh8 28. Qf3 Qxa3 29. h3 Qa1+ 30. Kh2 Rg7 31. Qf4 Kg8 32. Rh5 f6 33. Bf5 Nc5 34. Bxf6 Qxf6 35. Bh7+ Kf7 36. Rf5 Ne4 37. Rxf6+ Nxf6 38. Bf5 Rg5 39. Be6+ Kg6 40. Qxc7 1-0

[Event "London Classic (Women)"]
[Site "London"]
[Date "2009.12.09"]
[Round "2"]
[White "Winkelmann, Elena"]
[Black "Lalic, Susan"]
[Result "1/2-1/2"]
[WhiteElo "2119"]
[BlackElo "2310"]
[PlyCount "175"]
[EventDate "2009.12.08"]
[EventType "tourn"]
[EventRounds "9"]
[EventCountry "ENG"]
[SourceTitle "CBM 133 Extra"]
[Source "ChessBase"]
[SourceDate "2010.01.05"]
[SourceVersion "1"]
[SourceVersionDate "2010.01.05"]
[SourceQuality "1"]

1. c4 e5 2. Nc3 Nc6 3. g3 g6 4. Bg2 Bg7 5. d3 d6 6. e3 Nge7 7. Nge2 0-0 8. Nd5 Rb8 9. Nec3 a6 10. b4 b5 11. cxb5 axb5 12. a4 Nxd5 13. Nxd5 e4 14. d4 bxa4 15. Qxa4 Bd7 16. Qc2 Nxb4 17. Nxb4 Rxb4 18. Bd2 Rb8 19. Ba5 Bb5 20. Bf1 Bxf1 21. Kxf1 Qd7 22. Qxe4 Rfe8 23. Qf3 c5 24. Kg2 cxd4 25. exd4 Bxd4 26. Rad1 Be5 27. Rd5 Qa4 28. Rhd1 Rb3 29. R1d3 Rxd3 30. Qxd3 Rb8 31. Bc3 Bxc3 32. Qxc3 Qe4+ 33. Qf3 Qxf3+ 34. Kxf3 Rb6 35. Rd2 Kf8 36. Re2 Rb5 37. Rd2 Ke7 38. Ke3 Ke6 39. Ra2 Rb3+ 40. Kd4 Rb4+ 41. Kd3 h5 42. h4 Rb5 43. Kd4 Rd5+ 44. Ke4 Rd1 45. Ra6 Rd2 46. Ke3 Rb2 47. Ra8 Ke5 48. Re8+ Kf5 49. Rf8 Rb3+ 50. Ke2 f6 51. Rd8 Rb6 52. Ke3 Ra6 53. Rd7 g5 54. Rh7 Kg6 55. Rd7 gxh4 56. gxh4 Kf5 57. f3 Ra3+ 58. Ke2 Kf4 59. Rxd6 Ra2+ 60. Ke1 f5 61. Rh6 Kxf3 62. Rxh5 Ra1+ 63. Kd2 f4 64. Rf5 Rh1 65. h5 Kg3 66. Ke2 Rh2+ 67. Kf1 Kg4 68. Ra5 Kg3 69. Rf5 Kf3 70. Kg1 Rg2+ 71. Kf1 Ra2 72. Kg1 Ra6 73. Rf8 Ra5 74. h6 Rg5+ 75. Kf1 Rh5 76. Kg1 Rxh6 77. Ra8 Rg6+ 78. Kf1 Re6 79. Ra7 Re3 80. Rh7 Re8 81. Rh3+ Kg4 82. Ra3 Rb8 83. Kf2 Rb2+ 84. Kf1 Rh2 85. Rb3 Rc2 86. Ra3 f3 87. Ra8 Kg3 88. Rg8+ 1/2-1/2

[Event "London Classic (Women)"]
[Site "London"]
[Date "2009.12.08"]
[Round "1"]
[White "Yurenok, Maria S"]
[Black "Winkelmann, Elena"]
[Result "1/2-1/2"]
[WhiteElo "1968"]
[BlackElo "2119"]
[PlyCount "48"]
[EventDate "2009.12.08"]
[EventType "tourn"]
[EventRounds "9"]
[EventCountry "ENG"]
[SourceTitle "CBM 133 Extra"]
[Source "ChessBase"]
[SourceDate "2010.01.05"]
[SourceVersion "1"]
[SourceVersionDate "2010.01.05"]
[SourceQuality "1"]

1. d4 d5 2. Nf3 c6 3. c4 e6 4. cxd5 exd5 5. Nc3 Nf6 6. Bg5 Be7 7. Qc2 Nbd7 8. e3 Nf8 9. Bd3 Ne6 10. Bh4 g6 11. 0-0 Ng7 12. b4 Bf5 13. Bxf6 Bxf6 14. b5 Bxd3 15. Qxd3 0-0 16. bxc6 bxc6 17. Na4 Ne6 18. Rfc1 Qa5 19. Qd1 Rfc8 20. Nc5 Qa3 21. Rab1 Nxc5 22. Rxc5 Qxa2 23. Ra1 Qb2 24. Rb1 Qa2 1/2-1/2

[Event "BL 0910 (Women)"]
[Site "Germany"]
[Date "2009.12.06"]
[Round "4.4"]
[White "Winkelmann, Elena"]
[Black "Pfau, Beate"]
[Result "1/2-1/2"]
[WhiteElo "2119"]
[BlackElo "2131"]
[PlyCount "81"]
[EventDate "2009.11.07"]
[EventType "team-tourn"]
[EventRounds "11"]
[EventCountry "GER"]
[SourceTitle "CBM 133 Extra"]
[Source "ChessBase"]
[SourceDate "2010.01.05"]
[SourceVersion "1"]
[SourceVersionDate "2010.01.05"]
[SourceQuality "1"]
[WhiteTeam "Rodewisch (W)"]
[BlackTeam "Torgelow (W)"]
[WhiteTeamCountry "GER"]
[BlackTeamCountry "GER"]

1. d4 Nf6 2. c4 g6 3. f3 Bg7 4. e4 d6 5. Nc3 Nbd7 6. Be3 c6 7. Nge2 Qa5 8. Nc1 e5 9. d5 c5 10. Qd2 h6 11. a3 a6 12. Rb1 Nh5 13. Bd3 Nf4 14. 0-0 Qd8 15. Bc2 Qg5 16. Kh1 Qh5 17. Ba4 0-0 18. Bxd7 Bxd7 19. b4 cxb4 20. axb4 g5 21. Nd3 Kh7 22. c5 Rg8 23. g3 Nxd3 24. Qxd3 Qg6 25. b5 dxc5 26. bxa6 Rxa6 27. Rxb7 Bh3 28. Rfb1 Rc8 29. g4 c4 30. Qe2 h5 31. R7b6 Rxb6 32. Rxb6 f6 33. Rb7 hxg4 34. fxg4 Ra8 35. Rb1 Ra3 36. Bd2 Bf8 37. Qf3 Kg8 38. Rb8 Ra1+ 39. Nb1 Qh7 40. d6 Qa7 41. Rxf8+ 1/2-1/2

[Event "BCF-chT1b 0809 (4NCL)"]
[Site "England"]
[Date "2009.03.21"]
[Round "7.7"]
[White "Winkelmann, Elena"]
[Black "King, Daniel J"]
[Result "1-0"]
[WhiteElo "2101"]
[BlackElo "2512"]
[PlyCount "75"]
[EventDate "2008.10.04"]
[EventType "team-tourn"]
[EventRounds "7"]
[EventCountry "ENG"]
[SourceTitle "EXT 2023"]
[Source "ChessBase"]
[SourceDate "2022.10.05"]
[SourceVersion "1"]
[SourceVersionDate "2022.10.05"]
[SourceQuality "1"]
[WhiteTeam "Pride and Prejudice"]
[BlackTeam "Guildford"]
[WhiteTeamCountry "ENG"]
[BlackTeamCountry "ENG"]

1. Nf3 b6 2. g3 Bb7 3. Bg2 Nf6 4. c4 e6 5. Nc3 c5 6. 0-0 Be7 7. e3 0-0 8. d4 Ne4 9. Qc2 Nxc3 10. Qxc3 Bf6 11. b3 Nc6 12. Bb2 cxd4 13. exd4 Rc8 14. Qd2 d5 15. Ba3 Re8 16. c5 a5 17. Rac1 b5 18. b4 Ra8 19. Rfd1 axb4 20. Bxb4 Nxb4 21. Qxb4 Bc6 22. a3 Ra4 23. Qb2 Qd7 24. Rc3 Rea8 25. Bf1 g6 26. Rb3 R8a5 27. Rb1 Kg7 28. Bxb5 Bxb5 29. Rxb5 Rxa3 30. Rxa5 Rxa5 31. Qb6 Ra3 32. Kg2 Rc3 33. Qa6 Rc4 34. Rb7 Qe8 35. Qd6 h6 36. Ne5 Bxe5 37. Qxe5+ Kh7 38. Rb8 1-0

[Event "Olympiad Women-38"]
[Site "Dresden"]
[Date "2008.11.22"]
[Round "9"]
[White "Winkelmann, Elena"]
[Black "Jackova, Jana"]
[Result "1/2-1/2"]
[WhiteElo "2096"]
[BlackElo "2360"]
[PlyCount "100"]
[EventDate "2008.11.13"]
[EventType "team-swiss"]
[EventRounds "11"]
[EventCountry "GER"]
[SourceTitle "CBM 128"]
[Source "ChessBase"]
[SourceDate "2009.01.28"]
[SourceVersion "1"]
[SourceVersionDate "2009.01.28"]
[SourceQuality "1"]
[WhiteTeam "Germany (W) III"]
[BlackTeam "Czech Republic (W)"]
[WhiteTeamCountry "GER"]
[BlackTeamCountry "CZE"]

1. d4 Nf6 2. c4 e6 3. Nf3 b6 4. g3 Ba6 5. Nbd2 Bb4 6. Qc2 Bb7 7. Bg2 c5 8. 0-0 cxd4 9. Nxd4 Bxg2 10. Kxg2 Qc8 11. e4 Qb7 12. f3 0-0 13. a3 Be7 14. N2b3 d6 15. Bg5 Nbd7 16. Qe2 h6 17. Bxf6 Nxf6 18. Rad1 Rac8 19. Rfe1 Rfd8 20. f4 Bf8 21. Nd2 e5 22. Nb5 exf4 23. gxf4 Rc5 24. Nc3 Re8 25. Qf3 Qc8 26. Nd5 Nxd5 27. exd5 Rxe1 28. Rxe1 b5 29. b3 bxc4 30. bxc4 Rc7 31. f5 Be7 32. Qe4 Qa6 33. Rb1 Rb7 34. Rxb7 Qxb7 35. Qb1 Qc8 36. Qc2 Bg5 37. Nf3 Bf6 38. Qe4 Kh7 39. Kg3 Qb8 40. Qe3 a6 41. a4 Qb4 42. Qf4 Kg8 43. h3 Kf8 44. Qc1 Ke8 45. Qe1+ Qxe1+ 46. Nxe1 Kd7 47. Nd3 Kc7 48. c5 Be7 49. c6 Bd8 50. Nc1 Kb6 1/2-1/2

[Event "BCF-chT1b 0809 (4NCL)"]
[Site "England"]
[Date "2008.10.05"]
[Round "2.7"]
[White "Winkelmann, Elena"]
[Black "Taylor, Peter P"]
[Result "1/2-1/2"]
[WhiteElo "2096"]
[BlackElo "2254"]
[PlyCount "87"]
[EventDate "2008.10.04"]
[EventType "team-tourn"]
[EventRounds "7"]
[EventCountry "ENG"]
[SourceTitle "CBM 126 Extra"]
[Source "ChessBase"]
[SourceDate "2008.11.05"]
[SourceVersion "1"]
[SourceVersionDate "2008.11.05"]
[SourceQuality "1"]
[WhiteTeam "Pride and Prejudice"]
[BlackTeam "Barbican II"]
[WhiteTeamCountry "ENG"]
[BlackTeamCountry "ENG"]

1. d4 d5 2. c4 c6 3. cxd5 cxd5 4. Nc3 Nf6 5. Nf3 Nc6 6. a3 Ne4 7. e3 Nxc3 8. bxc3 g6 9. c4 Bg7 10. Rb1 0-0 11. Be2 dxc4 12. Bxc4 b6 13. 0-0 Bf5 14. Bd3 Bxd3 15. Qxd3 Rc8 16. Bb2 Qd6 17. Rfd1 Na5 18. Rbc1 Qd7 19. Nd2 Rxc1 20. Rxc1 Rc8 21. Rxc8+ Qxc8 22. Bc3 Nb7 23. g3 h5 24. Qc4 Qxc4 25. Nxc4 b5 26. Nd2 Kf8 27. Kf1 Ke8 28. Ke2 e6 29. Kd3 Bf8 30. Bb2 Kd7 31. e4 Kc6 32. h3 a5 33. g4 hxg4 34. hxg4 a4 35. f4 f5 36. exf5 exf5 37. Nf3 fxg4 38. Ne5+ Kd5 39. Nxg4 Nd6 40. Ne3+ Ke6 41. d5+ Kd7 42. Ng4 Nc4 43. Ne5+ Nxe5+ 44. fxe5 1/2-1/2

[Event "BCF-chT2 0708 (4NCL)"]
[Site "Sunningdale"]
[Date "2008.05.05"]
[Round "11.4"]
[White "Winkelmann, Elena"]
[Black "MacKenzie, Colin"]
[Result "1/2-1/2"]
[WhiteElo "2087"]
[BlackElo "2117"]
[PlyCount "122"]
[EventDate "2007.09.15"]
[EventType "team-tourn"]
[EventRounds "11"]
[EventCountry "ENG"]
[SourceTitle "EXT 2023"]
[Source "ChessBase"]
[SourceDate "2022.10.05"]
[SourceVersion "1"]
[SourceVersionDate "2022.10.05"]
[SourceQuality "1"]
[WhiteTeam "Pride and Prejudice"]
[BlackTeam "Kings Head"]
[WhiteTeamCountry "ENG"]
[BlackTeamCountry "ENG"]

1. c4 e6 2. Nc3 Nf6 3. Nf3 Bb4 4. Qc2 d5 5. cxd5 exd5 6. g3 0-0 7. a3 Be7 8. d4 a5 9. Bg2 Be6 10. 0-0 c6 11. Ne5 Qc8 12. Bg5 Bh3 13. Rac1 h6 14. Bxf6 Bxf6 15. f4 Bxg2 16. Kxg2 Nd7 17. Qb3 Bxe5 18. fxe5 Qb8 19. e4 a4 20. Qd1 Nb6 21. Qg4 Qc8 22. Qe2 Qd7 23. Rcd1 Rad8 24. exd5 Nxd5 25. Nxa4 b6 26. Nc3 Nxc3 27. bxc3 Ra8 28. c4 Rxa3 29. d5 cxd5 30. cxd5 Rfa8 31. Rd2 Ra2 32. Qd3 R8a3 33. Qd4 Ra4 34. Qd3 Rxd2+ 35. Qxd2 Re4 36. Rb1 Rxe5 37. Rxb6 Rxd5 38. Rb8+ Kh7 39. Qc2+ g6 40. Rb2 Rd4 41. Qf2 Qd5+ 42. Qf3 Rd2+ 43. Rxd2 Qxd2+ 44. Kg1 Qd4+ 45. Kg2 Kg7 46. h3 h5 47. h4 Qb2+ 48. Kg1 Qd2 49. Qe4 Qc1+ 50. Kg2 Qc3 51. Qd5 Qe3 52. Qc4 g5 53. hxg5 Qd2+ 54. Kh3 Qxg5 55. Kh2 Qe5 56. Qb4 Qe2+ 57. Kh3 Qf3 58. Qb2+ Kg6 59. Qb1+ Kf6 60. Qb6+ Ke5 61. Kh2 Qe2+ 1/2-1/2

[Event "Werther Schloss op-A 14th"]
[Site "Werther"]
[Date "2008.03.16"]
[Round "7"]
[White "Petkidis, Anthony"]
[Black "Winkelmann, Elena"]
[Result "1-0"]
[WhiteElo "2042"]
[BlackElo "2065"]
[PlyCount "59"]
[EventDate "2008.03.13"]
[EventType "swiss"]
[EventRounds "7"]
[EventCountry "GER"]
[SourceTitle "EXT 2010"]
[Source "ChessBase"]
[SourceDate "2010.11.25"]
[SourceVersion "1"]
[SourceVersionDate "2010.11.25"]
[SourceQuality "1"]

1. e4 c5 2. Nf3 e6 3. d4 cxd4 4. Nxd4 Bc5 5. Nb5 a6 6. Nd6+ Bxd6 7. Qxd6 Ne7 8. Nc3 Nbc6 9. Be3 0-0 10. 0-0-0 f5 11. Bd3 fxe4 12. Bxe4 Nf5 13. Bxf5 Rxf5 14. Na4 Qe7 15. Qxe7 Nxe7 16. Nb6 Rb8 17. Nxd7 Bxd7 18. Rxd7 Nc6 19. Rhd1 Rf7 20. Rxf7 Kxf7 21. Rd7+ Kf6 22. Rc7 Nd8 23. Ba7 Ra8 24. Bd4+ e5 25. Bc3 Ne6 26. Rxb7 Rd8 27. Rb4 Kf7 28. f3 Nf4 29. g4 Ke6 30. Re4 1-0

[Event "Werther Schloss op-A 14th"]
[Site "Werther"]
[Date "2008.03.16"]
[Round "6"]
[White "Winkelmann, Elena"]
[Black "Fox, Daniel"]
[Result "1/2-1/2"]
[WhiteElo "2065"]
[BlackElo "2122"]
[PlyCount "59"]
[EventDate "2008.03.13"]
[EventType "swiss"]
[EventRounds "7"]
[EventCountry "GER"]
[SourceTitle "EXT 2010"]
[Source "ChessBase"]
[SourceDate "2010.11.25"]
[SourceVersion "1"]
[SourceVersionDate "2010.11.25"]
[SourceQuality "1"]

1. Nf3 d5 2. g3 Nf6 3. d4 e6 4. Bg2 c5 5. 0-0 Nc6 6. dxc5 Bxc5 7. c4 0-0 8. Bg5 Be7 9. Nbd2 b6 10. Rc1 Bb7 11. Qa4 Rc8 12. Rfd1 Qc7 13. Bxf6 Bxf6 14. cxd5 exd5 15. b4 Qe7 16. b5 Qb4 17. Qb3 Qxb3 18. Nxb3 Nb4 19. Nfd4 Nxa2 20. Rxc8 Rxc8 21. Ra1 Bxd4 22. Rxa2 Be5 23. Rxa7 Rc7 24. e3 g6 25. Kf1 Kg7 26. Nd4 Kf6 27. Ke2 Bxd4 28. exd4 Ke6 29. Kd3 h5 30. h4 1/2-1/2

[Event "Werther Schloss op-A 14th"]
[Site "Werther"]
[Date "2008.03.14"]
[Round "3"]
[White "Winkelmann, Elena"]
[Black "Mueller, Oliver"]
[Result "1/2-1/2"]
[WhiteElo "2065"]
[BlackElo "2309"]
[PlyCount "52"]
[EventDate "2008.03.13"]
[EventType "swiss"]
[EventRounds "7"]
[EventCountry "GER"]
[SourceTitle "EXT 2010"]
[Source "ChessBase"]
[SourceDate "2010.11.25"]
[SourceVersion "1"]
[SourceVersionDate "2010.11.25"]
[SourceQuality "1"]

1. Nf3 d5 2. g3 Nf6 3. Bg2 c6 4. 0-0 Bf5 5. d3 h6 6. b3 e6 7. Bb2 Nbd7 8. Nbd2 Bh7 9. c4 a5 10. a3 Be7 11. cxd5 cxd5 12. Nd4 0-0 13. Nb5 Nc5 14. a4 Na6 15. Rc1 Bb4 16. Nf3 Qe7 17. Ne5 Rfd8 18. Bd4 Ne8 19. Bb6 Rdc8 20. Rxc8 Rxc8 21. Qb1 f6 22. Nf3 Nd6 23. Na7 Ra8 24. Nd4 Bg6 25. Rc1 Bf7 26. Ndb5 Ne8 1/2-1/2

[Event "BCF-chT2 0708 (4NCL)"]
[Site "Sunningdale"]
[Date "2008.01.12"]
[Round "5.6"]
[White "Winkelmann, Elena"]
[Black "James, David J"]
[Result "1-0"]
[WhiteElo "2065"]
[BlackElo "2198"]
[PlyCount "131"]
[EventDate "2007.09.15"]
[EventType "team-tourn"]
[EventRounds "11"]
[EventCountry "ENG"]
[SourceTitle "EXT 2023"]
[Source "ChessBase"]
[SourceDate "2022.10.05"]
[SourceVersion "1"]
[SourceVersionDate "2022.10.05"]
[SourceQuality "1"]
[WhiteTeam "Pride and Prejudice"]
[BlackTeam "SW Dragons"]
[WhiteTeamCountry "ENG"]
[BlackTeamCountry "ENG"]

1. Nf3 Nf6 2. g3 e6 3. c4 d5 4. b3 dxc4 5. bxc4 e5 6. Bb2 e4 7. Nd4 c5 8. Nc2 Bd6 9. Bg2 0-0 10. Nc3 Re8 11. Ne3 Nc6 12. Rb1 Be5 13. 0-0 h5 14. Ncd5 Bxb2 15. Rxb2 Nd4 16. f3 Nxd5 17. Nxd5 exf3 18. Bxf3 Nxf3+ 19. Rxf3 Bg4 20. Rf2 b6 21. Qf1 h4 22. Rb3 h3 23. Rd3 Qc8 24. e3 f5 25. Nf4 Qa6 26. Nxh3 Qxc4 27. Nf4 Rad8 28. Rxd8 Qxf1+ 29. Kxf1 Rxd8 30. Ke1 g5 31. Ne6 Rd3 32. Nxg5 Ra3 33. h3 Bh5 34. Rxf5 Rxa2 35. g4 Bg6 36. Rd5 c4 37. h4 Ra5 38. Rxa5 bxa5 39. Kd1 a4 40. Kc1 a3 41. e4 Be8 42. Kb1 Bd7 43. Ka2 Bxg4 44. Kxa3 Kg7 45. Kb4 Be2 46. h5 Bxh5 47. Kxc4 Kf6 48. Nh3 Ke5 49. d3 Bg4 50. Nf2 Be6+ 51. Kc5 Bd7 52. d4+ Ke6 53. Nd3 a5 54. d5+ Ke7 55. e5 a4 56. Kb4 Be8 57. Nc5 Kf7 58. Nxa4 Kg6 59. Nb2 Kf5 60. Nc4 Bh5 61. Kc5 Be2 62. Kd4 Kg6 63. Nd6 Bf3 64. e6 Kf6 65. Ne4+ Ke7 66. Ke5 1-0

[Event "Wch U16 Girls"]
[Site "Kemer"]
[Date "2007.11.28"]
[Round "11"]
[White "Goossens, Hanne"]
[Black "Winkelmann, Elena"]
[Result "1-0"]
[WhiteElo "1837"]
[BlackElo "2115"]
[PlyCount "84"]
[EventDate "2007.11.18"]
[EventType "swiss"]
[EventRounds "11"]
[EventCountry "TUR"]
[SourceTitle "CBM 121 Extra"]
[Source "ChessBase"]
[SourceDate "2008.01.10"]
[SourceVersion "1"]
[SourceVersionDate "2008.01.10"]
[SourceQuality "1"]

1. e4 c5 2. Nf3 e6 3. d4 cxd4 4. Nxd4 a6 5. Nc3 b5 6. Be3 Qc7 7. Qd2 Bb7 8. f3 d6 9. 0-0-0 Nf6 10. g4 Nc6 11. g5 Nd7 12. h4 Nc5 13. Kb1 Ne5 14. Bd3 Nexd3 15. cxd3 b4 16. Nce2 a5 17. h5 Ba6 18. Nc1 Be7 19. Rdg1 Rc8 20. g6 Bf6 21. f4 fxg6 22. hxg6 h6 23. f5 Bxd4 24. Bxd4 e5 25. Bxc5 dxc5 26. f6 gxf6 27. Rxh6 Ke7 28. Rh7+ Rxh7 29. gxh7 Ke6 30. Qh6 Rh8 31. Rg7 Qd8 32. Qg6 Bxd3+ 33. Ka1 Bxe4 34. Qxe4 Qd1 35. Qc6+ Kf5 36. Qxc5 Qh1 37. Qf2+ Ke4 38. Qc5 Kf4 39. Qd6 Kf5 40. Qd7+ Kf4 41. Qg4+ Ke3 42. Qg3+ Qf3 1-0

[Event "Wch U16 Girls"]
[Site "Kemer"]
[Date "2007.11.18"]
[Round "1"]
[White "Al Khelaifi, Aisha"]
[Black "Winkelmann, Elena"]
[Result "0-1"]
[WhiteElo "1545"]
[BlackElo "2115"]
[PlyCount "132"]
[EventDate "2007.11.18"]
[EventType "swiss"]
[EventRounds "11"]
[EventCountry "TUR"]
[SourceTitle "CBM 121 Extra"]
[Source "ChessBase"]
[SourceDate "2008.01.10"]
[SourceVersion "1"]
[SourceVersionDate "2008.01.10"]
[SourceQuality "1"]

1. e4 g6 2. d4 Bg7 3. Nf3 c5 4. c3 cxd4 5. cxd4 d6 6. Bd2 Nc6 7. Bc3 Nf6 8. Nbd2 a6 9. a4 0-0 10. Bd3 b6 11. e5 Ne8 12. 0-0 f6 13. exf6 exf6 14. Re1 Nc7 15. Nf1 Be6 16. Ng3 Qd7 17. Bc2 Bg4 18. h3 Bxf3 19. Qxf3 f5 20. Rad1 Rfe8 21. Rxe8+ Rxe8 22. Bd3 b5 23. axb5 axb5 24. Ne2 Kh8 25. Kf1 d5 26. g3 b4 27. Be1 Re4 28. Bc2 Nxd4 29. Nxd4 Rxd4 30. Rxd4 Bxd4 31. Qb3 Bc5 32. Bd2 Ne6 33. Bb1 Nd4 34. Qa2 Qe7 35. Qa8+ Kg7 36. Qxd5 Qe2+ 37. Kg2 Ne6 38. Kh2 Qxf2+ 39. Qg2 Qd4 40. h4 f4 41. gxf4 Bd6 42. Kh1 Bxf4 43. Qb7+ Kh6 44. Bxf4+ Qxf4 45. Qe7 Qf1+ 46. Kh2 Qxb1 47. Qxe6 Qxb2+ 48. Kg3 Qc3+ 49. Kg4 Qd4+ 50. Kg3 Qg1+ 51. Kh3 Qf1+ 52. Kg4 Qf5+ 53. Qxf5 gxf5+ 54. Kxf5 b3 55. Ke4 b2 56. Kf3 b1Q 57. Kg3 Qe4 58. Kh3 Kh5 59. Kg3 Qxh4+ 60. Kf3 Qd4 61. Kg3 Qe4 62. Kf2 Qd3 63. Kg2 Kg4 64. Kf2 Qd2+ 65. Kf1 Kf3 66. Kg1 Qg2# 0-1

[Event "BCF-chT2 0708 (4NCL)"]
[Site "Sunningdale"]
[Date "2007.09.15"]
[Round "1"]
[White "Winkelmann, Elena"]
[Black "Beaumont, Chris"]
[Result "1/2-1/2"]
[WhiteElo "2162"]
[BlackElo "2324"]
[PlyCount "58"]
[EventDate "2007.09.15"]
[EventType "team-tourn"]
[EventRounds "11"]
[EventCountry "ENG"]
[SourceTitle "CBM 120 Extra"]
[Source "ChessBase"]
[SourceDate "2007.11.01"]
[SourceVersion "1"]
[SourceVersionDate "2007.11.01"]
[SourceQuality "1"]
[WhiteTeam "Pride and Prejudice"]
[BlackTeam "Bristol"]
[WhiteTeamCountry "ENG"]
[BlackTeamCountry "ENG"]

1. d4 g6 2. c4 Bg7 3. e4 d6 4. f3 Nf6 5. Nc3 0-0 6. Be3 c6 7. Qd2 a6 8. h4 h5 9. Bh6 b5 10. g4 e5 11. Bxg7 Kxg7 12. g5 Nfd7 13. Rd1 Qe7 14. d5 b4 15. Nce2 cxd5 16. Qxd5 Nb6 17. Qd3 Qc7 18. b3 Rd8 19. Bh3 a5 20. Bxc8 Qxc8 21. c5 N6d7 22. cxd6 Na6 23. Nh3 Nac5 24. Qd5 Qb7 25. Nf2 a4 26. Qxb7 Nxb7 27. Nd3 axb3 28. axb3 Ndc5 29. Nxb4 Rxd6 1/2-1/2